000 01284cam a22002174a 4500
005 20250605164406.0
008 250528s ||||||||||||||||||||||||d
035 _a24845
020 _a9781680507225
040 _aGR-AtMCL
_bgre
_dGR-AtMCL
_eAACR2
245 1 _aA Common-Sense to Data Structures and Algorithms / Level Up Your Core Programming Skills
260 _c2020
300 _a488
520 _aPreface, Why Data Structures Matter, Why Algorithms Matter, O Yes! Big O Notation, Speeding Up Your Code with Big O, Optimizing Code With and Without Big O, Optimizing for Optimistic Scenarios, Big O in Everyday Code, Blazing Fast Lookup with Hash Tables, Crafting Elegant Code with Stacks and Queues, Recursively Recurse with Recursion, Learning to Write in Recursive, Dynamic Programming, Recursive Algorithms for Speed, Node-Based Data Structures, Speeding Up All the Things with Binary Search Trees, Keeping Your Priorities Straight with Heaps, It Doesn't Hurt to Trie, Connecting Everything with Graphs, Dealing with Space Constraints, Techniques for Code Optimization, Exercise Solutions, Index.
700 1 _aMacdonald Brian
_99586
700 1 _aWengrow Jay
_99587
942 _cBK
710 2 _aThe Pragmatic Programmers
_99840
999 _c9684
_d9684